Tristium libri V, Epistolarum ex ponto libri IV : cum notis variorum in usum scholarum ditionis pontificiae /

Furkejuvvon:
Bibliográfalaš dieđut
Váldodahkki: Ovidio Nasón, Publio (autor)
Materiálatiipa: Girji
Giella:láhtengiella
Fáttát:
Fáddágilkorat: Lasit fáddágilkoriid
Eai fáddágilkorat, Lasit vuosttaš fáddágilkora!

MARC

LEADER 00000nam^a2200000^a^4500
001 000380379
005 20250526000000.0
009 20260310120559.889
037 |a Acervo Xavier Clavigero 
041 |a LAT 
082 |a 871.  |b OVI 
100 |a Ovidio Nasón, Publio  |e (autor) 
240 1 1 |a [Tristes] 
240 1 1 |a [Cartas desde el Ponto] 
245 1 0 |a Tristium libri V, Epistolarum ex ponto libri IV :  |b cum notis variorum in usum scholarum ditionis pontificiae /  |c P. Ovidio Nason. 
264 |a Roma, Italia :  |b Typis Ven. Hospitii Apostolici,  |c 1869 
300 |a 447 p. ;  |c 17.0 cm. 
336 |a texto  |b txt  |2 rdacontenido 
337 |a sin mediación  |b n  |2 rdamedio 
338 |a volumen  |b nc  |2 rdasoporte 
545 0 |a Publio Ovidio Nasón (43 a.C.-17 d.C), poeta latino nacido en Sulmona, se instruyó en retórica y leyes. Por algún tiempo desempeñó algunos cargos propios de su formación, pero al final decidió dedicarse de tiempo completo a su vocación poética. Después de gozar de buena posición y estima literaria y por razones que se desconocen con certeza, en el año 8 a.C. fue desterrado de Roma por el emperador Augusto, a un lugar llamado Tomi, hoy Constanza, donde murió; algunos de sus libros fueron quemados en público por considerarlos inmorales. Su escritura da cuenta del amor, el erotismo, la tristeza, las festividades romanas y las leyendas mitológicas. Entre sus obras se encuentran Metamorfosis, Fastos, Tristes, Amores, Arte de amar, Remedios de amor, Heroidas, y otras. 
561 |a Ex libris de Biblioteca de San Cayetano 
561 |a Ex libris de Luis G. Orozco, de Zamora, Michoacán 
561 |a Ex libris de Francisco de J. Orozco 
561 |a Ex libris de Privat di libri scholastici del ven. ospiz. apost. dis. mich. 
649 |a XX 
650 |a Elegías 
650 |a Poesía Latina 
650 |a Literatura Latina 
650 |a Literatura Clásica 
740 0 |a Tristium :  |b libri V /  |c P. Ovidio Nason. 
740 0 |a Epistolarum ex ponto :  |b libri IV /  |c P. Ovidio Nason. 
910 |a Fondo General 
920 |a Impresos - Libros 
930 |a Libros Antiguos y Raros 
940 |a Literatura 
905 |a 108 
901 |a 0500275630  |b IT2  |c LRA  |u 20250526 
902 |a https://opac.biblio.iteso.mx/vufind/Record/000380379